| 000 | 00442nam a2200193Ia 4500 | ||
|---|---|---|---|
| 008 | 170918s9999 xx 000 0 und d | ||
| 020 | _a9780439639880 | ||
| 050 | _bH351 1998 | ||
| 100 | _aHaskins, Lori. | ||
| 245 | _aToo many dogs / | ||
| 245 | _cLori Haskins. | ||
| 260 | _aNew York : | ||
| 260 | _bScholastic, | ||
| 260 | _c1998 | ||
| 300 | _a32 pages : | ||
| 300 | _bcolored illustration ; | ||
| 300 | _c23cm. | ||
| 500 | _aBR | ||
| 999 |
_c340963 _d340963 |
||